000 00716nam a22001937a 4500
008 130821s1991 ck gr spa
020 _a9589028829
040 _aCo-BoUCM
_bspa
041 0 0 _aspa
100 1 _aHolguin Holguin, Carlos
245 1 3 _aEl fraude de los US 13.5 millones proceso de la Republica de Colombia ante la Corte de Londres
_cCarlos Holguin Holguin.
260 _aBogotá (Cundinamarca, Colombia)
_bBanco de la República
_c1991
300 _a282 páginas
500 _aColección Alfredo Vázquez Carrizosa
650 0 4 _aFraude
_zColombia
_916134
650 0 4 _aProcesos por fraude
_zColombia
_922416
942 _cLIBRO
_a8
_e1
_mH65f
_2DEWEY
_h364.163
999 _c92192
_d92192